01878cam a22004574i 4500003000900000005001700009008004100026020001500067035002700082040003300109049000900142082002000151100002700171245006000198264004300258300003800301336002100339337002500360338002300385505029400408526001000702526001000712526001000722526001000732526000800742526000800750526000800758526000800766526000800774526000800782526000800790630005700798910001800855942001400873949013000887994001401017596000601031999015901037980005501196952016901251PE-LiUPU20250731173525.0150616s1990 xxu r 000 0 eng d a0830813292 a(Sirsi) i9780830813292 aPE-LiUPUbspacPE-LiUPUerda aPRUA04a225.95bB232211 aBarnett, Paul,eautor.14aThe Behind Scenes of the New Testament /cPaul Barnett. 1aIllinois :bInterVarsity Press,c1990. a247 páginas ;c21 centímetros atext2rdacontent aunmediated2rdamedia avolume2rdacarrier0 aBethlehem: the beginning -- Nazareth: the hidden years -- Nazareth to Jerusalem: Jesus teaching -- Why Jesus was remenbered -- Jerusalem between Jesus and Paul -- Jerusalem to Antioch -- The decade of the two missions -- Jerusalem and Rome: the decade of crisis -- The gospels -- Patmos. aSEG42 aSEG41 aSEG40 aSEG39 aP94 aP87 aP86 aP85 aP77 aP76 aP35 aBiblia.pN.T.xHistoria de eventos contemporáneos. ajckbjvqcjck 2ddccBOOK a225.95 B23wDEWEYc1i42188lCCODEBUL1mBULr0sYtBOOKu2015-6-16xTEOLOGIAzUNKNOWN0COMPRAo.STAFF. Colección Teología aC0bPEPRU a1 a225.95 B23wDEWEYc59879i42188f2021-11-9g5lCCODEBUL1mBULp30.00r0sYtBOOKu2015-6-16xTEOLOGIAPP350COMPRAo.STAFF. Colección Teologíoad59879 81gALBERTO SANCHEZ Responsable de Automatización r2025-12-02 00:00:00i6l0o225.95 B23p42188te1v35.00w2015-06-16xFTyBKzinventario-2023-12-13102ddc50708GENfP35aBULbBULcGENd2015-06-16eCOMPRAg30.00